000 00774nam a2200289Ia 4500
001 22877
003 IT-RoPAU
008 130308s9999 xx 000 0 und d
040 _aIT-RoPAU
040 _cIT-RoPAU
041 _aINGLESE
100 _aOng Walter J.
100 _gCodice Aut. SPICS: 14702
245 _aIs Literacy Passè?
245 _bProblems And Controversies in television And Radio
250 _a1a ed.
260 _aP.A./CALIFORNIA
260 _bPacific Books
260 _c1968 [1° Ed.:1968 - Ed.Ling.Originale:1968]
300 _a"3 p. (prefazione: no ; testo: 3 [pagine: 209-211])"
650 _aSAGGI DI COMUNICAZIONE SOCIALE
650 _eCodice materia Spics: 3807
942 _cBK
957 _71
999 _c45095
_d45095
999 _bSI
999 _g1